000 00666nam a2200253Ia 4500
008 160319s9999 xx 000 0 und d
020 _a0-440479002
050 _aFic
050 _b.S741s 1983
100 _aSpeare, Elizabeth George
245 4 _aThe sign of the beaver /
245 _cElizabeth George Speare.
260 _aBoston :
260 _bHoughton Mifflin,
260 _c1983
300 _a135 pages;
300 _c22 cm.
650 _a Frontier and pioneer life --
650 _aFriendship --
650 _aIndians of North America --
650 _xJuvenile fiction.
650 _xJuvenile fiction.
650 _xJuvenile fiction.
999 _c292041
_d292041